The effect of monsoon on the distribution of fecal coliform and Escherichia coli (E. coli) in cultured oysters (Crassostrea iredalei), surrounding waters and sediments of Setiu Lagoon, Terengganu, South China Sea

This study was carried out to study the levels of fecal contamination in Setiu Lagoon and the monsoon effects as well as to determine whether the cultured oysters in the lagoon are safe for human consumption

Main Author: Mohd Sobri Amri Mohd Noor
Published: Terengganu: Universiti Malaysia Terengganu, 2008.
LEADER 00976cam a2200169 7i4500
001 0000141246
005 20100427090000.0
002 0000006327
090 0 0 |a LP 20 FMSM 2 2008  
100 0 # |a Mohd Sobri Amri Mohd Noor  
245 1 4 |a The effect of monsoon on the distribution of fecal coliform and Escherichia coli (E. coli) in cultured oysters (Crassostrea iredalei), surrounding waters and sediments of Setiu Lagoon, Terengganu, South China Sea   |c Mohd Sobri Amri Mohd Noor. 
260 # # |a Terengganu:   |b Universiti Malaysia Terengganu,   |c 2008. 
300 |a xiv, 113 p.:   |b ill.;   |c 30 cm.. 
502 # # |a Research Report FMSM (Degree of Bachelor of Science - Marine Science) 2008 
520 3 # |a This study was carried out to study the levels of fecal contamination in Setiu Lagoon and the monsoon effects as well as to determine whether the cultured oysters in the lagoon are safe for human consumption 
602 # # |a Laporan Projek FMSM 2008 
999 |a 1100061797  |b Book  |c LAPORAN PROJEK  |e KOLEKSI KHAS